Régimen Concursal : ley 24.522. Actualizada y comentada. Tomo IV, Arts. 177 a 297 /

Guardado en:
Autor Principal: Graziabile, Dario J.
Formato: Libro
Idioma:Spanish
Publicado: Buenos Aires : La Ley, 2014
Edición:1a. ed.
Materias:
Etiquetas: Agregar Etiqueta
Sin Etiquetas, Sea el primero en etiquetar este registro!
LEADER 00513nam a22001575a 4500
001 DER.der012703
008 180615s2014####ag#||||||||||||||#||spa||
005 20251113174146.0
245 1 0 |a Régimen Concursal :  |b ley 24.522. Actualizada y comentada.  |n Tomo IV,  |p Arts. 177 a 297 /  |c Dario J. Graziabile. 
250 |a 1a. ed. 
260 |a Buenos Aires :  |b La Ley,  |c 2014 
300 |a 992 p. 
020 |a 9789502026114 
100 1 |a Graziabile, Dario J. 
650 7 |a QUIEBRA 
859 |a DERECHO  |b BIB. DERECHO  |h 346.078  |i GRA  |p 005437  |3 Tomo IV